00308nam a2200097Ia 4500008004100000020001800041100002300059245007000082260003900152300001900191180315s9999 xx 000 0 und d a9781476743769 aQuinn, Jane Bryant aHow to make your money last :bThe indispensable retirement guide aNew York :b2016cSimon & Schuster avii, 365 pages